<?xml version="1.0" encoding="UTF-8"?>
<collection xmlns="http://www.loc.gov/MARC21/slim">
 <record>
  <leader>00624nam a22001935a 4500</leader>
  <controlfield tag="001">DER.der014393</controlfield>
  <controlfield tag="008">191108s2017####ag############000#0#spa#d</controlfield>
  <controlfield tag="005">20241004121815.0</controlfield>
  <datafield tag="245" ind1="1" ind2="0">
   <subfield code="a">Código procesal penal de la Provincia de Buenos Aires /</subfield>
   <subfield code="c">Argentina.</subfield>
  </datafield>
  <datafield tag="250" ind1=" " ind2=" ">
   <subfield code="a">1a. ed.</subfield>
  </datafield>
  <datafield tag="260" ind1=" " ind2=" ">
   <subfield code="a">Buenos Aires :</subfield>
   <subfield code="b">Erreius,</subfield>
   <subfield code="c">2017.</subfield>
  </datafield>
  <datafield tag="300" ind1=" " ind2=" ">
   <subfield code="a">448 p.</subfield>
  </datafield>
  <datafield tag="020" ind1=" " ind2=" ">
   <subfield code="a">9789873953651</subfield>
  </datafield>
  <datafield tag="240" ind1="1" ind2="0">
   <subfield code="a">Argentina - Códigos</subfield>
  </datafield>
  <datafield tag="700" ind1="1" ind2=" ">
   <subfield code="a">Parada, Ricardo,</subfield>
   <subfield code="e">comp.</subfield>
  </datafield>
  <datafield tag="700" ind1="1" ind2=" ">
   <subfield code="a">Errecaborde, José,</subfield>
   <subfield code="e">comp.</subfield>
  </datafield>
  <datafield tag="700" ind1="1" ind2=" ">
   <subfield code="a">Cañada, Francisco R.,</subfield>
   <subfield code="e">comp.</subfield>
  </datafield>
  <datafield tag="650" ind1=" " ind2="7">
   <subfield code="a">DERECHO PROCESAL PENAL - BUENOS AIRES</subfield>
  </datafield>
  <datafield tag="859" ind1=" " ind2=" ">
   <subfield code="a">DERECHO</subfield>
   <subfield code="b">BIB. DERECHO</subfield>
   <subfield code="h">348.023</subfield>
   <subfield code="i">ARG</subfield>
   <subfield code="p">009666</subfield>
  </datafield>
 </record>
</collection>
